PR-SOF-1783-SMARTPHONE BASED ECG MONITORING SYSTEM (Record no. 577976)

000 -LEADER
fixed length control field 00429nam a22001217a 4500
082 ## - DEWEY DECIMAL CLASSIFICATION NUMBER
Classification number 220 PRO
100 ## - MAIN ENTRY--PERSONAL NAME
Personal name Suleman Tahir Hamza Azam Raja Muazzam Ali Umair Nadeem
9 (RLIN) 71475
245 ## - TITLE STATEMENT
Title PR-SOF-1783-SMARTPHONE BASED ECG MONITORING SYSTEM
260 ## - PUBLICATION, DISTRIBUTION, ETC.
Place of publication, distribution, etc. ISLAMABAD
Name of publisher, distributor, etc. NUST COLLEGE OF EME
Date of publication, distribution, etc. 2019
650 ## - SUBJECT ADDED ENTRY--TOPICAL TERM
Topical term or geographic name entry element DE-MTS-37 DECLASS
9 (RLIN) 71476
700 ## - ADDED ENTRY--PERSONAL NAME
Personal name Supervisors Dr. Nauman Razzaq Lec. Ayesha Zeb Lec. Muneeb Masood
9 (RLIN) 71477
942 ## - ADDED ENTRY ELEMENTS (KOHA)
Koha item type Continuing Resources
Holdings
Withdrawn status Lost status Damaged status Not for loan Permanent Location Current Location Shelving location Date acquired Total Checkouts Full call number Barcode Date last seen Price effective from Koha item type
        College of Electrical & Mechanical Engineering (CEME) College of Electrical & Mechanical Engineering (CEME) Reference 12/06/2019   220 PRO PR-SOF-1783 06/28/2021 06/28/2021 Continuing Resources
© 2023 Central Library, National University of Sciences and Technology. All Rights Reserved.